Documentos de trabajo del curso taller. Proyectos educativos: una estrategia de gestión 1999-2000.

Gardado en:
Detalles Bibliográficos
Autor Corporativo: Servicios Educativos Integrados al Estado de México. Dirección de Educación Media y Servicios de Apoyo (SEIEM)
Formato: Libro
Idioma:Lingua castelá
Temas:
Etiquetas: Engadir etiqueta
Sen Etiquetas, Sexa o primeiro en etiquetar este rexistro!

MARC

LEADER 00000nam^a2200000^u^4500
001 000517590
005 20250521000000.0
008 110519s1000^^^^^^^^^^^^r^^^^^000^0^spa^d
009 20260310130400.532
035 |a FCE 000061816 
037 |a Acervo ITESO - Biblioteca 
041 |a spa 
082 0 4 |a 371.207  |b SERd 1999 
110 |a Servicios Educativos Integrados al Estado de México. Dirección de Educación Media y Servicios de Apoyo (SEIEM) 
245 1 0 |a Documentos de trabajo del curso taller.  |b Proyectos educativos: una estrategia de gestión 1999-2000. 
246 2 |a También se conoce como Programa de Modernización de la Función Supervisora Desarrollo de la 3 fase 1999-2000. 
264 |a México:  |b SEIEM,  |c 1999. 
300 |a [pág. varía] 
336 |a texto  |b txt  |2 rdacontenido 
337 |a sin mediación  |b n  |2 rdamedio 
338 |a volumen  |b nc  |2 rdasoporte 
596 |a Ixtapan de la Sal; México. 6, 7 y 8 de septiembre de 1999. 
649 |a XX 
650 |a Evaluación institucional 
650 |a Supervisión escolar 
650 |a Administración educativa 
650 |a Proyectos educativos 
650 |a Estrategia de desarrollo 
910 |a Fondo Centro de Estudios Educativos 
920 |a Impresos - Libros 
930 |a Fondos Especiales 
905 |a 133 
901 |a ALE070791  |b IT2  |c CEE  |u 20250521 
902 |a https://opac.biblio.iteso.mx/vufind/Record/000517590